Město Chotěboř /

Hlavní autor: Linhart, Milan
Další autoři: Pavlíček, Stanislav, 1973-, Pavlíková, Eliška, 1954-
Jazyk: Čeština
Vydáno: Chotěboř : Město Chotěboř, 2007
Vydání: 1. vyd.
Témata:
Fyzický popis: [6] s. : barev. il. ; 21 cm
Knihy
Uloženo v:
LEADER 01252nam a2200361 a 4500
001 nkc20081811324
003 CZ PrNK
005 20080910110650.0
007 ta
008 080703s2007 xr a e 000 0 cze
015 |a cnb001811324 
020 |q (Skládanka) 
040 |a BOA001  |b cze 
043 |a e-xr---  |b e-xr-vy  |2 czenas 
072 7 |a 913(437)  |x Geografie Česka a Slovenska, reálie, cestování  |2 Konspekt  |9 7 
080 |a 913:338.483.1  |2 MRF 
080 |a (437.324)  |2 MRF 
080 |a (041)  |2 MRF 
100 1 |a Linhart, Milan  |7 mzk2008458864  |4 aut 
245 1 0 |a Město Chotěboř /  |c [text M. Linhart, S. Pavlíček, E. Pavlíková] 
250 |a 1. vyd. 
260 |a Chotěboř :  |b Město Chotěboř,  |c 2007 
300 |a [6] s. :  |b barev. il. ;  |c 21 cm 
650 0 7 |a turistické zajímavosti  |7 ph126800  |z Česko  |2 czenas 
655 7 |a brožury  |7 fd131925  |2 czenas 
651 7 |a Chotěboř (Česko)  |7 ge128944  |2 czenas 
700 1 |a Pavlíček, Stanislav,  |d 1973-  |7 mzk2002107407  |4 aut 
700 1 |a Pavlíková, Eliška,  |d 1954-  |7 ola2006345446  |4 aut 
910 2 |a BOA001  |b 2-1206.296 
990 |a BK 
995 |a 60 
991 |b 200807  |c NOV 
996 6 |b 2610349119  |c 2-1206.296  |l MZK  |r Sklad / do 1 hodiny  |n 0  |p p.v.  |w 001069245  |u 000010  |a 1  |e BOA001  |j MZK50  |s P